1047 1467 1399 1685 1952 1842 1412 1649 1841 1781 1844 1463 1559 1788 1948 1655 1684 1354 1035 1702 1358 1287 1523 1098 1616 1711 1957 1141 1277 1987 1822 1220 1764 1589 1613 1787 1835 1741 1009 1722 1718 1086 1606 1190 1156 1108 1819 1483 1903 1381 1362 1486 1241 1555 1065 1877 1710 1458 1189 1199 1826 1323 1637 1226 1878 1055 1775 1436 1769 1266 1268 1618 1105 1293 1724 1640 1800 1193 1769 1978 1026 1887 1575 1817 1314 1177 1226 1559 1871 1626 1344 1144 1228 1582 1758 1644 1592 1585 1853 BCNSPRNW ULIB Ver.6.0+V

เปลี่ยนเป็นภาษาไทย

Change to English
 แสดงรายละเอียดบรรณานุกรม
  กลับหน้าหลัก

Brief Record : Get Marc (ISO 2709) : E-mail record : QR code < ปิดหน้าต่าง
LEADER : 00000nam 2200000uu 4500
001    13399108704
003     ULIB
008    110311s2545||||th 000 0 tha d
020    9748638383
060 04 QZ200^bส725ม 2545
100 0  สุจิรา จรัสศิลป์
245 10 มะเร็งที่รัก /^cสุจิรา จรัสศิลป์
250    พิมพ์ครั้งที่ 2
260    สงขลา :^bภาควิชาจิตเวชศาสตร์ คณะแพทยศาสตร์มหาวิทยาลัยศรีนครินทรวิโรฒ,^c2545
300    158 หน้า :^bภาพประกอบ ;^c22 ซม.
504    มีบรรณานุกรม
650  7 ความตาย
650  7 เนื้องอก
650  7 มะเร็ง^xการรักษา
650  7 สารก่อมะเร็ง
710 2  มหาวิทยาลัยศรีนครินทรวิโรฒ. ^bภาควิชาจิตเวชศาสตร์
945    ^p165^l0^i016224
945    ^p165^l0^i016223
945    ^p165^l0^i016222
945    ^p165^l0^i016221
995    ทศพร
999 ^a ใช้งานได้ทุกระบบ
รายการนี้ยังไม่มีแท็ก
คุณยังไม่ได้ล็อกอิน คุณสามารถมีกิจกรรมร่วมกับเว็บไซต์ได้ แต่ต้องล็อกอินก่อน ::
  ล็อกอิน

รายการสื่อสารสนเทศ

ลำดับที่ ประเภท เลขเรียก/บาร์โค้ด สถานที่ สถานะ
- ไม่พบข้อมูล -

รายการใกล้เคียง
    หัวเรื่อง [ความตาย]
    หัวเรื่อง [เนื้องอก]
    หัวเรื่อง [มะเร็ง การรักษา]
    หัวเรื่อง [สารก่อมะเร็ง]

BibComment


ยังไม่เคยถูกคอมเมนท์

คอมเมนท์ทรัพยากรรายการนี้
  คอมเมนท์: มะเร็งที่รัก สุจ..


 Copyright 2026. Bcnsprnw @Library